El Salvador: el diálogo vuelve a la agenda /

La imposibilidad de lograr un acuerdo definitivo, parece muy lejano, a pesar de las reuniones entre el gobierno de El Salvador y los del Frente Farabundo Martí (FMLN), que aceptaron dialogar en Costa Rica y a partir de noviembre de 1989 (después de la ofensiva), el presidente Cristiani aceptó la med...

Descrizione completa

Salvato in:
Dettagli Bibliografici
Autore principale: Leonhard, Ralf
Natura: testo
Lingua:Spanish
Soggetti:
Tags: Aggiungi Tag
Nessun Tag, puoi essere il primo ad aggiungerne!!

MARC

LEADER 00000 a a2200000 04500
001 12322
003 cru IIS
005 20221017105327.0
008 221017b |||||||| |||| 00| 0 spa d
040 |c cru IIS 
100 |a Leonhard, Ralf  
245 1 |a El Salvador:   |b el diálogo vuelve a la agenda /  |c Ralf Leonhard 
500 |a Colección Centroamérica 
520 |a La imposibilidad de lograr un acuerdo definitivo, parece muy lejano, a pesar de las reuniones entre el gobierno de El Salvador y los del Frente Farabundo Martí (FMLN), que aceptaron dialogar en Costa Rica y a partir de noviembre de 1989 (después de la ofensiva), el presidente Cristiani aceptó la mediación del Secretario General de las Naciones Unidas. Ambos rebeldes y gobierno coincidien en la inutilidad de continuar la guerra. En la ofensiva de noviembre se demostró lo siguiente: 1. la capacidad militar del FMLN subestimada por el ejército. 2. el poco apoyo de la población civil para una insurrección. Tanto el FMLN como los Estados Unidos, coinciden en ciertos puntos de la agenda. 1. reforma al corrupto aparato estatal. 2. enjuiciar a militares acusados de violación de los derechos humanos. La única salida al conflicto salvadoreño es la solución política negociada. De abrir espacios políticos y crear las bases mínimas de seguridad personal para que el FMLN se incorpore como partido político. Esto se considera poco posible ante el panorama de polarización social que domina El Salvador. AR/JM  
650 |a FUERZAS ARMADAS  
650 |a GUERRA CIVIL  
650 |a GUERRILLEROS  
773 |g volumen 8, número 70; páginas 39-40  
773 0 |0 43109  |9 7807  |a Coordinadora Regional de Investigaciones Económicas y Sociales  |d Managua, Nicaragua: CRIES, 1982-  |o 22390  |t Pensamiento Propio / 
942 |2 ddc  |c PP 
999 |c 23161  |d 23161